000 00588nam a22002177a 4500
003 OSt
005 20160419182929.0
008 160419b xxu||||| |||| 00| 0 eng d
020 _a9780071289429
040 _cDDC
082 _a004 MAR 2011
100 _aMartin, John C.
_98107
245 _aIntroduction to Languages and the Theory of Computation
250 _a4th ed.
260 _aAsia; McGraw- Hill, 2011
300 _axii,436p; ill: 26cm
504 _aBibliography, & index included
650 _aComputer language
_98108
650 _aProgramming
_9496
942 _2z
_cO_SHELF
999 _c3642
_d3642